Learn to speak and write Italian / (Record no. 13064)

MARC details
000 -LEADER
fixed length control field 00897nam a22002657a 4500
001 - CONTROL NUMBER
control field ENG-90239
003 - CONTROL NUMBER IDENTIFIER
control field dpl
005 - DATE AND TIME OF LATEST TRANSACTION
control field 20080527163253.0
008 - FIXED-LENGTH DATA ELEMENTS--GENERAL INFORMATION
fixed length control field 080527t xxu||||| |||| 00| 0 eng d
010 ## - LIBRARY OF CONGRESS CONTROL NUMBER
LC control number ENG-90239
020 ## - INTERNATIONAL STANDARD BOOK NUMBER
International Standard Book Number 8183821316
Terms of availability 95.00
035 ## - SYSTEM CONTROL NUMBER
System control number EN-73772
037 ## - SOURCE OF ACQUISITION
Source of stock number/acquisition DBAD/PUB
040 ## - CATALOGING SOURCE
Original cataloging agency DPL
Language of cataloging EN
082 ## - DEWEY DECIMAL CLASSIFICATION NUMBER
Classification number 495
100 ## - MAIN ENTRY--PERSONAL NAME
Personal name Manmohan Singh
245 ## - TITLE STATEMENT
Title Learn to speak and write Italian /
Statement of responsibility, etc by Manmohan Singh
260 ## - PUBLICATION, DISTRIBUTION, ETC. (IMPRINT)
Place of publication, distribution, etc New Delhi
Name of publisher, distributor, etc Lotus Press
Date of publication, distribution, etc 2008
270 ## - ADDRESS
Address 4263/3, Ansari Road, Darya Ganj,
City New Delhi
Postal code 110002
Telephone number 32903912
Electronic mail address lotus_press@sify.com
300 ## - PHYSICAL DESCRIPTION
Extent 158p.
Dimensions 22 cm.
500 ## - GENERAL NOTE
General note Includes bibliographical references
650 ## - SUBJECT ADDED ENTRY--TOPICAL TERM
Topical term or geographic name as entry element Italian language
942 ## - ADDED ENTRY ELEMENTS (KOHA)
Source of classification or shelving scheme Dewey Decimal Classification
Koha item type English Books
Classification part 495
Call number suffix MAN
Holdings
Withdrawn status Lost status Source of classification or shelving scheme Damaged status Not for loan Collection code Home library Current library Date acquired Source of acquisition Cost, normal purchase price Total Checkouts Full call number Barcode Date last seen Copy number Cost, replacement price Price effective from Koha item type
    Dewey Decimal Classification   Not For Loan Non-fiction D.B.Act.Division D.B.Act.Division 27/05/2008 DBAD / PUB 95.00   495 MAN EN-73772 15/09/2008 1 95.00 15/09/2008 English Books

© Delhi Public Library
Hit Counter
free hit counter